000 00740nam a2200253Ia 4500
003 OSt
005 20220927110304.0
006 a|||||r|||| 00| 0
007 ta
008 220926b |||||||| |||| 00| 0 eng d
024 _a65904
037 _cReference Collections
040 _aRTL
_cRTL
_beng
041 _2eng
_aeng
082 _a"X 755, P1"
111 _aUnited Nations Conference on Trade and Development
245 0 _aProceedings of the second inter-regional debt management conference
260 _aGeneva
_bUnited Nations
_c2001
300 _a"xii, 210p."
_ccm.
500 _aBibliography chapterwise
650 _aForeign Loan
942 _h"X 755, P1"
_cCC
999 _c695501
_d695501